Central Library OPAC University of Rajshahi

Oxford advanced learner's dictionary of current English / (Record no. 19458)

MARC details
000 -LEADER
fixed length control field 01499nam a2200457 a 4500
001 - CONTROL NUMBER
control field 19458
003 - CONTROL NUMBER IDENTIFIER
rucl marc code BD-RjUL
005 - DATE AND TIME OF LATEST TRANSACTION
control field 20211209000433.0
008 - FIXED-LENGTH DATA ELEMENTS--GENERAL INFORMATION
fixed length control field 140224s2008 enkb d 000 0 eng d
020 ## - INTERNATIONAL STANDARD BOOK NUMBER
International Standard Book Number 9780194316507 (hbk)
International Standard Book Number 0194316505 (hbk)
International Standard Book Number 9780194316064 (pbk.)
International Standard Book Number 0194316068 (pbk.)
International Standard Book Number 9780194316514 (hbk/CD pack)
International Standard Book Number 0194316513 (hbk/CD pack)
International Standard Book Number 9780194316491 (pbk/CD pack)
International Standard Book Number 0194316491 (pbk/CD pack)
International Standard Book Number 9780194001014 (US : cased)
International Standard Book Number 9780194001021 (US : pbk.)
International Standard Book Number 9780194001069 (US : pbk./CD pack)
International Standard Book Number 0194001067 (US : pbk./CD pack)
International Standard Book Number 0194001016 (US : cased)
International Standard Book Number 0194001024 (US : pbk.)
035 ## - SYSTEM CONTROL NUMBER
System control number (BD-RjUL)19518
-- (OCoLC)812184769
040 ## - CATALOGING SOURCE
Original cataloging agency BD-RjUL
Language of cataloging eng
Transcribing agency BD-RjUL
Modifying agency BD-RjUL
041 ## - LANGUAGE CODE
Language code of text/sound track or separate title eng
082 04 - DEWEY DECIMAL CLASSIFICATION NUMBER
Classification number 423
Author mark and year HOO 2008
100 1# - MAIN ENTRY--PERSONAL NAME
Personal name Hornby, Albert Sydney.
9 (RLIN) 45046
245 10 - TITLE STATEMENT
Title Oxford advanced learner's dictionary of current English /
Statement of responsibility, etc. A. S. Hornby.
250 ## - EDITION STATEMENT
Edition statement 7th ed.
260 ## - PUBLICATION, DISTRIBUTION, ETC. (IMPRINT)
Place of publication, distribution, etc. Oxford :
Name of publisher, distributor, etc. Oxford University Press,
Date of publication, distribution, etc. 2008.
300 ## - PHYSICAL DESCRIPTION
Pagination xii, 1780, R119 p. :
Illustrations ill., maps ;
Size 22 cm.
500 ## - GENERAL NOTE
General note Previous ed.: 2001.
650 #0 - SUBJECT ADDED ENTRY--TOPICAL TERM
Topical term or geographic name as entry element English language
Chronological subdivision 20th century
Form subdivision Dictionaries.
9 (RLIN) 45047
700 1# - ADDED ENTRY--PERSONAL NAME
Personal name Wehmeier, Sally.
Personal name McIntosh, Colin,
Dates associated with a name 1963-
Personal name Turnbull, Joanna.
Personal name Ashby, Michael.
942 ## - ADDED ENTRY ELEMENTS (KOHA)
Source of classification or shelving scheme Dewey Decimal Classification
Koha item type Books
Holdings
Lost status Source of classification or shelving scheme Damaged status Not for loan Collection code Permanent Location Current Location Shelving location Date acquired Source of acquisition Cost, normal purchase price Total Checkouts Full call number Date last seen Copy number Koha item type
  Dewey Decimal Classification     Non-fiction Central Library, University of Rajshahi Central Library, University of Rajshahi   18/06/1907 Rajshahi, Subuj Lib. 192.00   423 HOO 2008 24/02/2014 C-24 Books